中国小学生师比最高/低的省区 Provinces with highest/lowest student teacher ratio - Statistics

General Stats
  • This quiz has been taken 60 times
  • The average score is 12 of 15
Answer Stats
类别 生师比 省份 % Correct
最小 14.02 上海
100%
最小 14.13 北京
100%
最大 17.66 新疆
95%
最小 14.78 西藏
93%
最小 14 辽宁
91%
最小 11.1 黑龙江
89%
最大 18.01 广东
89%
最小 10.95 吉林
87%
最小 12.59 内蒙古
84%
最大 18.19 贵州
78%
最小 13.3 甘肃
76%
最小 13.7 山西
76%
最小 15.07 海南
69%
最大 17.58 福建
67%
最大 17.44 安徽
55%
No matching quizzes found
Score Distribution
Percent of People with Each Score
Percentile by Number Answered
Your Score History
You have not taken this quiz